000 00196 a2200097 4500
001 42475
100 _aHowe
245 _aAshes of victory
260 _aNew York
_bSimon
_c
090 _c26389
_d26389
942 _aNUST-CAE
_cM
_c18212
999 _c277548
_d277548